000 00901nam a2200265Ia 4500
001 21776
005 20260320113311.0
008 260320s9999||||xx |||||||||||||| ||und||
020 _a9786124779831
041 _aESP
082 _a150.985
_bO61
100 _aOrbegoso Galarza, Arturo,
_eAUT
245 0 _aOrígenes sociales de la psicología y la psiquiatría en el Perú (1850-1930)
_b
246 _a
_5
_b
250 _aPrimera edición
260 _aLima :
_bJoshua V&E,
_c2018
300 _a128 páginas :
_btablas ;
_c21 cm.
_e
440 _a(Colección de historia de la psicología peruana y latinoamericana
_n
_v; volumen 4)
650 _aPSI
653 _aPsiquiatría - Perú; Psicología peruana; Psicología filosófica - Perú
654 _aCPS
700 _a
_c
856 _uhttps://revistas.ucsp.edu.pe/
_zVéase además: Revistas académicas UCSP
942 _cLIB
_dJUS
_fMAT
_2ddc
_n
999 _c21776
_d21776